000 00784nac a22002051u 4500
010 _a99047659
020 _a0814405460
082 0 0 _a658.4063
_bF973
090 _c1084
_d1084
100 _aFulmer, William E.
245 1 0 _aShaping the adaptive organization /
_cWilliam E. Fulmer.
260 _aNew York :
_bAMACOM,2000
_c2000.
300 _ax, 294 p. :
_bill. ;
_c24 cm.
504 _aIncludes bibliographical references (p. 255-282) and index.
650 0 _aOrganizational change.
650 0 _aOrganizational learning.
650 0 _aTechnological innovations
_xManagement.
942 _cBB
_k658.4063F973
999 _c1084
_d1084